000 00528nam a2200181Ia 4500
999 _c33860
_d33860
003 OSt
005 20201008112942.0
008 190216s9999||||xx |||||||||||||| ||und||
020 _a9788178086873
040 _coclc
082 _a001.64
_bMAN/C
100 _aMano, M Morris
_95452
245 0 _aComputer System Architecture /
_cM Morris Mano
260 _bPearson Education International,
_c2003.
_aNew Delhi:
300 _a525p
650 _aPhysics
942 _cBK
_2ddc
_h001.64
_iMAN/C
_k001.64
_mMAN/C